000 00892cam a2200253 i 4500
003 SA-RiAUC
005 20241209140225.0
008 241207s1987 su a g 00010 ara c
040 _aSA-RiAUC
_bara
_cSA-RiAUC
_erda
043 _aa-su---
082 0 4 _a953.1
090 _a953.1
_bا ب و ع
100 1 _aأبو العلا، علي
_eمؤلف.
245 1 0 _aمن الزوايا وللتاريخ /
_cعلي أبو العلا.
250 _aالطبعة الأولى.
264 1 _aمكة المكرمة :
_bوزارة الإعلام :
_bعلي أبو العلا،
_c1987
300 _a308 صفحة :
_bإيضاحيات ؛
_c24 سم
336 _aنص
_btxt
_2rdacontent
_3كتاب
337 _aبدون وسيط
_bn
_2rdamedia
338 _aمجلد
_bnc
_2rdacarrier
651 7 _aالسعودية
_xتاريخ
_2aucsh
942 _2ddc
_cBOOK
_n0
949 _aSA-JeALM
_d241207
_uosman123
_n1
999 _c3183
_d3183